000 00712nam a2200229Ia 4500
005 20250108124858.0
008 008 250107s9999 xx 000 0 eng d
037 _aTB
040 _aCRL
_beng
_cCRL
041 _aure
_2eng
084 _aO152:g P6
084 _qCRL
100 _aHaque Hussain Ul Au.; Hussain Syed Sarwar Tr.
_9730015
245 0 _aDreams in moonless nights
_cHaque Hussain Ul Au.; Hussain Syed Sarwar Tr.
260 _aSingapore, Ltd.
_bKitaab International Pte.
_c2534
300 _axiii,445p.
365 _aINR
_b200
546 _aTranslated from Urdu to English
650 _aURDU FICTIONURDU LITERATURE
_9729701
942 _cTB
_hO152:g P6
999 _c1234922
_d1234922